00630nam a2200193Ia 4500003000400000005001700004008004100021020002100062040002900083050002200112100002900134245006600163260002800229300001000257650001900267942001200286952012300298999001500421OSt20230810132309.0221216s9999||||xx |||||||||||||| ||und|| a978-155934-962-x cChuka University Library aBL 85 b.S25 2000 aSaint-Laurent, George .E 0aSpirituality and world religions: a comparative introduction/ aMayfield bLondonc2000 a265p. aReligion98848 cBK2lcc 00102lcc40708LGLaCHKbCHKcGENd2022-12-16l0oBL 85 .S25 2000p7075/2010r2023-10-12 00:00:00t3w2022-12-16yBK c3367d3367